<?xml version="1.0" encoding="UTF-8"?>
<marc:record xmlns:marc="http://www.loc.gov/MARC21/slim">
   <marc:leader>00000nam a2200000 a 4500</marc:leader>
   <marc:datafield ind1="1" ind2=" " tag="100">
      <marc:subfield code="a">Lunde, Maja</marc:subfield>
      <marc:subfield code="4">aut</marc:subfield>
      <marc:subfield code="e">Verfasser/-in</marc:subfield>
   </marc:datafield>
   <marc:datafield ind1="1" ind2=" " tag="100">
      <marc:subfield code="a">Allenstein, Ursel</marc:subfield>
      <marc:subfield code="4">trl</marc:subfield>
      <marc:subfield code="e">Übersetzer/-in</marc:subfield>
   </marc:datafield>
   <marc:datafield ind1=" " ind2=" " tag="653">
      <marc:subfield code="a">Bienen</marc:subfield>
   </marc:datafield>
   <marc:datafield ind1=" " ind2=" " tag="653">
      <marc:subfield code="a">Familienroman</marc:subfield>
   </marc:datafield>
   <marc:datafield ind1=" " ind2=" " tag="653">
      <marc:subfield code="a">Imker</marc:subfield>
   </marc:datafield>
   <marc:datafield ind1=" " ind2=" " tag="653">
      <marc:subfield code="a">Norwegischer Buchhändlerpreis</marc:subfield>
   </marc:datafield>
   <marc:datafield ind1=" " ind2=" " tag="653">
      <marc:subfield code="a">Softcover / Belletristik/Erzählende Literatur</marc:subfield>
   </marc:datafield>
   <marc:datafield ind1=" " ind2=" " tag="653">
      <marc:subfield code="a">Fiktionale Darstellung</marc:subfield>
   </marc:datafield>
   <marc:datafield ind1=" " ind2=" " tag="653">
      <marc:subfield code="a">Erzählende Literatur</marc:subfield>
   </marc:datafield>
   <marc:datafield ind1="0" ind2="0" tag="245">
      <marc:subfield code="a">Die Geschichte der Bienen</marc:subfield>
   </marc:datafield>
   <marc:datafield ind1="0" ind2="0" tag="245">
      <marc:subfield code="b">Roman</marc:subfield>
   </marc:datafield>
   <marc:datafield ind1="0" ind2="0" tag="245">
      <marc:subfield code="c">Maja Lunde ; aus dem Norwegischen von Ursel Allenstein</marc:subfield>
   </marc:datafield>
   <marc:datafield ind1=" " ind2="1" tag="264">
      <marc:subfield code="a">München</marc:subfield>
      <marc:subfield code="b">btb</marc:subfield>
      <marc:subfield code="c">2017</marc:subfield>
   </marc:datafield>
   <marc:datafield ind1=" " ind2=" " tag="250">
      <marc:subfield code="a">Originalausgabe, 1. Auflage</marc:subfield>
   </marc:datafield>
   <marc:datafield ind1="1" ind2=" " tag="520">
      <marc:subfield code="a">Angaben aus der Verlagsmeldung

Die Geschichte der Bienen : Roman Bienes historie / von Maja Lunde

England im Jahr 1852: Der Biologe und Samenhändler William kann seit Wochen das Bett nicht verlassen. Als Forscher sieht er sich gescheitert, sein Mentor Rahm hat sich abgewendet, und das Geschäft liegt brach. Doch dann kommt er auf eine Idee, die alles verändern könnte – die Idee für einen völlig neuartigen Bienenstock.
Ohio, USA im Jahr 2007: Der Imker George arbeitet hart für seinen Traum. Der Hof soll größer werden, sein Sohn Tom eines Tages übernehmen. Tom aber träumt vom Journalismus. Bis eines Tages das Unglaubliche geschieht: Die Bienen verschwinden.
China, im Jahr 2098: Die Arbeiterin Tao bestäubt von Hand Bäume, denn Bienen gibt es längst nicht mehr. Mehr als alles andere wünscht sie sich ein besseres Leben für ihren Sohn Wei-Wen. Als der jedoch einen mysteriösen Unfall hat, steht plötzlich alles auf dem Spiel: das Leben ihres Kindes und die Zukunft der Menschheit.
Wie alles mit allem zusammenhängt: Mitreißend und ergreifend erzählt Maja Lunde in von Verlust und Hoffnung, vom Miteinander der Generationen und dem unsichtbaren Band zwischen der Geschichte der Menschen und der Geschichte der Bienen. Sie stellt einige der drängendsten Fragen unserer Zeit: Wie gehen wir um mit der Natur und ihren Geschöpfen? Welche Zukunft hinterlassen wir unseren Kindern? Wofür sind wir bereit zu kämpfen?
</marc:subfield>
   </marc:datafield>
   <marc:datafield ind1=" " ind2=" " tag="020">
      <marc:subfield code="a">9783442756841</marc:subfield>
      <marc:subfield code="9">9783442756841</marc:subfield>
   </marc:datafield>
   <marc:datafield ind1=" " ind2=" " tag="020">
      <marc:subfield code="a">3442756847</marc:subfield>
      <marc:subfield code="9">3442756847</marc:subfield>
   </marc:datafield>
   <marc:datafield ind1=" " ind2=" " tag="041">
      <marc:subfield code="a">ger</marc:subfield>
   </marc:datafield>
   <marc:datafield ind1=" " ind2=" " tag="300">
      <marc:subfield code="a">509 Seiten</marc:subfield>
   </marc:datafield>
</marc:record>
